[Event "USCL Week 3"]
[Site "Internet Chess Club"]
[Date "2015.09.09"]
[Round "?"]
[White "Liu, Elliott"]
[Black "Costello, Alex"]
[Result "1-0"]
[WhiteElo "2329"]
[BlackElo "2137"]
[PlyCount "69"]
[EventDate "2015.??.??"]

1. e4 e5 2. Nf3 Nc6 3. Bb5 a6 4. Ba4 Nf6 5. O-O Be7 6. Re1 b5 7. Bb3 d6 8. c3
O-O 9. h3 Nb8 10. d4 Nbd7 11. Nbd2 Bb7 12. Bc2 Re8 13. Nf1 Bf8 14. Ng3 g6 15.
b3 c6 16. a4 Qc7 17. Bg5 h6 18. Be3 Bg7 19. Nh2 d5 20. dxe5 Nxe4 21. Bxe4 dxe4
22. Nxe4 Nxe5 23. Qd6 Qd8 24. Rad1 Bf8 25. Qf6 Qc7 26. Qh4 Re6 27. Bxh6 c5 28.
Ng5 Qc6 29. f3 Be7 30. Bg7 Kxg7 31. Qh7+ Kf6 32. Re4 Kf5 33. g4+ Kxg5 34. h4+
Kf6 35. Rf4# 1-0

[Event "USCL Week 3"]
[Site "Internet Chess Club"]
[Date "2015.09.09"]
[Round "?"]
[White "Cornejo, Max"]
[Black "Lee, Andy"]
[Result "1/2-1/2"]
[WhiteElo "2524"]
[BlackElo "2392"]
[PlyCount "141"]
[EventDate "2015.??.??"]

1. e4 e5 2. Nf3 Nc6 3. Bb5 a6 4. Bxc6 dxc6 5. O-O f6 6. d4 Bg4 7. c3 Bd6 8. h3
Bh5 9. Be3 Ne7 10. Nbd2 O-O 11. Qb3+ Kh8 12. c4 exd4 13. Nxd4 Qd7 14. Qa4 Rfd8
15. Rac1 c5 16. Qxd7 Rxd7 17. N4f3 Nc6 18. g4 Bf7 19. b3 Nb4 20. a3 Nd3 21. Rb1
a5 22. Rfd1 Nf4 23. e5 fxe5 24. Bxf4 exf4 25. Re1 h6 26. a4 Re8 27. Rxe8+ Bxe8
28. Re1 Re7 29. Rxe7 Bxe7 30. Ne4 Bc6 31. Nfd2 Kg8 32. f3 Kf7 33. Kf2 Ke6 34.
Ke2 Ke5 35. Kd3 Be8 36. Kc3 b6 37. Nf2 Bd6 38. Nd3+ Ke6 39. Ne4 Bg6 40. Ndf2
Be5+ 41. Kd2 Bd4 42. Kd1 Be3 43. h4 Ke5 44. h5 Bh7 45. Ke2 Kd4 46. g5 hxg5 47.
Nxg5 Bc2 48. Ne6+ Ke5 49. Nxg7 Bxf2 50. Kxf2 Bxb3 51. h6 Kf6 52. Ne6 Kg6 53.
Nxc7 Bxa4 54. Nd5 Bb3 55. Ke1 a4 56. Kd2 a3 57. Kc3 a2 58. Kb2 Bxc4 59. Nxb6
Be6 60. Na4 c4 61. Nc3 Kxh6 62. Kxa2 Kg5 63. Ka3 Bh3 64. Kb4 Bf1 65. Nd5 Kf5
66. Ne7+ Ke5 67. Ng6+ Kd4 68. Nxf4 Ke3 69. Nd5+ Kxf3 70. Nb6 Ke3 71. Nxc4+
1/2-1/2

[Event "USCL Week 3"]
[Site "Internet Chess Club"]
[Date "2015.09.09"]
[Round "?"]
[White "Feng, Roland"]
[Black "Atoufi, Pedram"]
[Result "1-0"]
[WhiteElo "2365"]
[BlackElo "2368"]
[PlyCount "103"]
[EventDate "2015.??.??"]

1. d4 Nf6 2. c4 g6 3. Nc3 Bg7 4. Nf3 d6 5. Bg5 h6 6. Bh4 g5 7. Bg3 Nh5 8. e3 e6
9. Be2 Nd7 10. Qc2 Qe7 11. Nd2 Nxg3 12. hxg3 c6 13. Rc1 a6 14. a3 b6 15. Bf3
Bb7 16. g4 O-O 17. O-O f5 18. d5 cxd5 19. gxf5 Ne5 20. fxe6 Nxf3+ 21. Nxf3 dxc4
22. Nd4 Bxd4 23. exd4 Qxe6 24. d5 Qf7 25. Qe4 b5 26. Rce1 Rae8 27. Qd4 Ba8 28.
Rxe8 Rxe8 29. f4 Rf8 30. f5 a5 31. Qb6 b4 32. axb4 axb4 33. Qxb4 Qc7 34. Kh1 g4
35. Nb5 Qe7 36. Qxd6 Qxd6 37. Nxd6 Bxd5 38. Rd1 Bc6 39. Kh2 Rd8 40. Rd2 Rf8 41.
Kg3 h5 42. Kh4 Bd7 43. Kg5 g3 44. f6 h4 45. Nf5 Bxf5 46. Kxf5 Rb8 47. Kg6 Kf8
48. Rd4 h3 49. Rh4 Kg8 50. f7+ Kf8 51. Rh8+ Ke7 52. Rxb8 1-0

[Event "USCL Week 3"]
[Site "Internet Chess Club"]
[Date "2015.09.09"]
[Round "?"]
[White "Orlov, Georgi"]
[Black "Barcenilla, Rogelio"]
[Result "0-1"]
[WhiteElo "2528"]
[BlackElo "2587"]
[PlyCount "118"]
[EventDate "2015.??.??"]

1. d4 Nf6 2. c4 g6 3. Nf3 Bg7 4. g3 O-O 5. Bg2 c6 6. Nc3 d5 7. cxd5 cxd5 8. Ne5
e6 9. Bg5 h6 10. Bf4 Nfd7 11. Nf3 g5 12. Bd6 Re8 13. O-O Nb6 14. Bxb8 Rxb8 15.
e3 Bd7 16. b3 Qe7 17. Ne5 Rec8 18. Rc1 Be8 19. f4 f6 20. Nd3 f5 21. Nc5 gxf4
22. Rxf4 Kh8 23. Qd2 Nd7 24. Nd3 Rc6 25. Rff1 a6 26. Ne2 Rbc8 27. Nef4 Qd6 28.
Bf3 Bf7 29. Bh5 Bxh5 30. Nxh5 Kg8 31. Rxc6 Rxc6 32. g4 fxg4 33. Rf4 Bh8 34.
Rxg4+ Kf7 35. Qf2+ Ke7 36. Rg8 e5 37. Qh4+ Bf6 38. Qg3 exd4 39. Qg6 Nf8 40.
Qxh6 Ke8 41. Qg6+ Ke7 42. Qh6 Ke8 43. Nhf4 dxe3 44. Ng6 Bg7 45. Qxe3+ Kf7 46.
Rxf8+ Bxf8 47. Nge5+ Kg8 48. Nxc6 Qxc6 49. Kg2 Bg7 50. Nf4 d4+ 51. Qf3 Qc2+ 52.
Kg3 Qc3 53. Nd5 Qc5 54. Qf5 Qd6+ 55. Kg4 b5 56. h4 Be5 57. h5 Qxd5 58. Qg5+ Kf7
59. Qf5+ Ke7 0-1

[Event "USCL Week 3"]
[Site "Internet Chess Club"]
[Date "2015.09.09"]
[Round "?"]
[White "Morshedi, Ali"]
[Black "Hernandez, Alberto"]
[Result "1/2-1/2"]
[WhiteElo "2328"]
[BlackElo "2321"]
[PlyCount "117"]
[EventDate "2015.??.??"]

1. c4 c5 2. Nc3 Nc6 3. Nf3 g6 4. g3 Bg7 5. Bg2 Nh6 6. O-O Nf5 7. d3 a6 8. Bd2
Rb8 9. a4 d6 10. e3 e6 11. Ne1 h5 12. h3 Nfe7 13. Nc2 d5 14. cxd5 exd5 15. d4
b6 16. e4 cxd4 17. Nxd5 O-O 18. Bf4 Rb7 19. Na3 Be6 20. Rc1 Qd7 21. Nxe7+ Nxe7
22. Kh2 b5 23. axb5 axb5 24. Qd2 Kh7 25. Nc2 Nc6 26. Ne1 Ra7 27. Nd3 Na5 28.
Nc5 Qe7 29. Bg5 f6 30. Nxe6 Qxe6 31. Qxd4 Ra6 32. Be3 Nb3 33. Qb4 Nxc1 34. Rxc1
h4 35. g4 Rc8 36. Rxc8 Qxc8 37. Qxb5 Qc7+ 38. Kg1 Ra1+ 39. Bf1 Qc2 40. Bd4 Qxe4
41. Bc3 Qf3 42. Qc4 Qxh3 43. Qe2 Rxf1+ 44. Qxf1 Qxg4+ 45. Qg2 Qf4 46. Qh3 f5
47. Bxg7 Kxg7 48. Qc3+ Kf7 49. b4 Qg4+ 50. Kh2 Qf4+ 51. Kg1 g5 52. b5 Qg4+ 53.
Kh2 Qf4+ 54. Kg1 Qd6 55. Qc8 Qd1+ 56. Kh2 Qd6+ 57. Kg1 Qd1+ 58. Kh2 Qd6+ 59.
Kg1 1/2-1/2

[Event "USCL Week 3"]
[Site "Internet Chess Club"]
[Date "2015.09.09"]
[Round "?"]
[White "Zherebukh, Yaroslav"]
[Black "Aldama, Dionisio"]
[Result "1/2-1/2"]
[WhiteElo "2724"]
[BlackElo "2547"]
[PlyCount "275"]
[EventDate "2015.??.??"]

1. d4 Nf6 2. Bg5 g6 3. Nf3 Bg7 4. Nbd2 h6 5. Bh4 O-O 6. e3 d6 7. Bd3 c5 8. c3
Nc6 9. Bxf6 Bxf6 10. Ne4 Bg7 11. d5 Ne5 12. Nxe5 dxe5 13. Bc4 Kh8 14. d6 Bf5
15. Nxc5 Rc8 16. Nxb7 Qd7 17. Na5 exd6 18. O-O d5 19. Bd3 Be6 20. Nb3 f5 21. f4
Qc7 22. Qd2 Rb8 23. Rae1 Rb6 24. fxe5 Qxe5 25. Nd4 Rfb8 26. b4 Bd7 27. b5 Rc8
28. a4 Rf6 29. Rc1 Rff8 30. Nf3 Qe7 31. c4 dxc4 32. Rxc4 Rxc4 33. Bxc4 Bc8 34.
Kh1 Re8 35. Rd1 g5 36. a5 g4 37. Nd4 Qxe3 38. Qxe3 Rxe3 39. Nc6 Bb7 40. Nxa7
Be5 41. Nc6 Bc7 42. a6 Ba8 43. Bd5 Bxc6 44. Bxc6 Bb6 45. g3 Ra3 46. Bd7 Rb3 47.
Bxf5 Rxb5 48. Bxg4 Ra5 49. Be2 Ra2 50. Bc4 Ra4 51. Bb5 Ra5 52. Bf1 h5 53. Rd6
Bf2 54. Kg2 Be3 55. Kf3 Bg1 56. Kg2 Be3 57. Be2 Kg7 58. Re6 Bd4 59. h4 Ra2 60.
Kf3 Ra3+ 61. Kg2 Ra2 62. Kh3 Ra5 63. Bf3 Bf2 64. Kg2 Bd4 65. Re7+ Kg6 66. Be4+
Kf6 67. Rh7 Ra2+ 68. Kh3 Ra5 69. Bf3 Be3 70. Be2 Ra2 71. Bb5 Ra3 72. Kg2 Kg6
73. Re7 Bd4 74. Be8+ Kf6 75. Rf7+ Ke6 76. Rf3 Rxa6 77. Bxh5 Ra2+ 78. Kh3 Rc2
79. Bg6 Rf2 80. Rd3 Be5 81. Be4 Rc2 82. Rf3 Rc1 83. Bd3 Rg1 84. Bc4+ Ke7 85.
Rf7+ Ke8 86. Kg4 Rxg3+ 87. Kh5 Bg7 88. Rb7 Bf6 89. Rb6 Bg7 90. Bb5+ Ke7 91. Be2
Bf6 92. Bg4 Rg1 93. Bh3 Rg3 94. Bg4 Rg1 95. Rb7+ Ke8 96. Rb3 Ke7 97. Rh3 Kf7
98. Re3 Rh1 99. Be6+ Kf8 100. Bh3 Kg7 101. Rg3+ Kf7 102. Rd3 Rg1 103. Rd7+ Kf8
104. Be6 Rg7 105. Rd3 Ke7 106. Bf5 Rg1 107. Rh3 Kf7 108. Be4 Kg7 109. Rb3 Kf8
110. Rb6 Bg7 111. Bf5 Rg3 112. Bg4 Bd4 113. Rb4 Bf6 114. Rb8+ Kg7 115. Be6 Be5
116. Rb7+ Kh8 117. Rb5 Bd6 118. Bg4 Kg7 119. Rg5+ Kh7 120. Rd5 Be7 121. Rd7 Re3
122. Bf5+ Kg7 123. Kg4 Re1 124. h5 Kh6 125. Bg6 Rg1+ 126. Kf5 Rf1+ 127. Ke6
Re1+ 128. Kf7 Re3 129. Rb7 Re1 130. Rb8 Bd6 131. Rh8+ Kg5 132. Rd8 Re7+ 133.
Kg8 Be5 134. Bf7 Rb7 135. Rf8 Rb8 136. Rxb8 Bxb8 137. Bg6 Kh6 138. Kf7 1/2-1/2

[Event "USCL Week 4"]
[Site "Internet Chess Club"]
[Date "2015.09.15"]
[Round "?"]
[White "Bromberg, Joshua"]
[Black "Yip, Carissa"]
[Result "0-1"]
[WhiteElo "2004"]
[BlackElo "2236"]
[PlyCount "38"]
[EventDate "2015.??.??"]

1. e4 c5 2. Nc3 Nc6 3. f4 g6 4. Nf3 Bg7 5. Bb5 Nd4 6. O-O Nxb5 7. Nxb5 d6 8.
Nc3 Nf6 9. d3 O-O 10. Qe1 Rb8 11. h3 b5 12. Qh4 b4 13. Ne2 e6 14. f5 exf5 15.
Bh6 fxe4 16. Ng5 Nh5 17. Bxg7 Kxg7 18. Ng3 h6 19. Nxh5+ gxh5 0-1

[Event "USCL Week 4"]
[Site "Internet Chess Club"]
[Date "2015.09.15"]
[Round "?"]
[White "Ivanov, Alexander"]
[Black "Paragua, Mark"]
[Result "1/2-1/2"]
[WhiteElo "2628"]
[BlackElo "2638"]
[PlyCount "73"]
[EventDate "2015.??.??"]

1. e4 c5 2. Nf3 d6 3. d4 cxd4 4. Nxd4 Nf6 5. Nc3 a6 6. h3 e6 7. g4 d5 8. Nde2
Bb4 9. exd5 Nxd5 10. Bg2 O-O 11. O-O Nxc3 12. Nxc3 Qc7 13. Ne4 Bd7 14. c3 Be7
15. Bg5 Bxg5 16. Nxg5 h6 17. Ne4 Bb5 18. Re1 Rd8 19. Qf3 Nd7 20. Qg3 Qxg3 21.
Nxg3 Nc5 22. Red1 Na4 23. Rxd8+ Rxd8 24. b3 Nxc3 25. Bxb7 Rd7 26. Bg2 Rd2 27.
a4 Bd3 28. b4 Ra2 29. Rc1 Nxa4 30. Rc8+ Kh7 31. Rc7 Kg8 32. Rc8+ Kh7 33. Rc7
Kg8 34. Rc8+ Kh7 35. Rc7 Kg8 36. Rc8+ Kh7 37. Rc7 1/2-1/2

[Event "USCL Week 4"]
[Site "Internet Chess Club"]
[Date "2015.09.15"]
[Round "?"]
[White "Rozman, Levy"]
[Black "Jones, Craig"]
[Result "1-0"]
[WhiteElo "2378"]
[BlackElo "2206"]
[PlyCount "61"]
[EventDate "2015.??.??"]

1. c4 e5 2. Nc3 Nf6 3. Nf3 Nc6 4. d4 exd4 5. Nxd4 Bc5 6. Nxc6 bxc6 7. g3 Rb8 8.
Bg2 Rb4 9. b3 Qe7 10. O-O Rb8 11. Bf4 Rb7 12. e4 O-O 13. e5 Ne8 14. Re1 Qe6 15.
Ne4 Be7 16. Bf3 Bb4 17. Re3 Qg6 18. a3 Be7 19. Bh5 Qf5 20. Bg4 Qg6 21. Bxd7
Bxd7 22. Qxd7 f5 23. exf6 Bxf6 24. Rae1 Rb8 25. Nc5 Rd8 26. Qxc6 Bd4 27. Qxg6
hxg6 28. Rd3 g5 29. Be3 Bxe3 30. Rdxe3 Rc8 31. Nd7 1-0

[Event "USCL Week 4"]
[Site "Internet Chess Club"]
[Date "2015.09.15"]
[Round "?"]
[White "Balleisen, Aaron"]
[Black "Izoria, Zviad"]
[Result "0-1"]
[WhiteElo "2282"]
[BlackElo "2638"]
[PlyCount "96"]
[EventDate "2015.??.??"]

1. d4 d6 2. e4 g6 3. Nc3 Bg7 4. Nf3 Nf6 5. Be2 O-O 6. O-O c5 7. Be3 cxd4 8.
Nxd4 Nc6 9. Nb3 a6 10. a4 Be6 11. f3 Na5 12. Nd4 Nc4 13. Bf2 Rc8 14. Nxe6 fxe6
15. Bxc4 Rxc4 16. Ne2 Nh5 17. c3 d5 18. Qb3 Qc8 19. Bd4 e5 20. Be3 dxe4 21.
fxe4 e6 22. Rxf8+ Bxf8 23. Rf1 Rxe4 24. Rf3 Rxe3 25. Rxe3 Bc5 26. Nd4 Nf4 27.
Qc4 b5 28. axb5 axb5 29. Qf1 exd4 30. cxd4 Bxd4 31. Qxf4 e5 32. Qe4 Qc1+ 33.
Kf2 Qxe3+ 34. Qxe3 Bxe3+ 35. Kxe3 Kf7 36. Ke4 Ke6 37. g4 Kd6 38. h4 Ke6 39. h5
Kd6 40. h6 Ke6 41. Ke3 Kd5 42. Kd3 e4+ 43. Kc3 Kc5 44. Kd2 Kd4 45. Ke2 g5 46.
Kd2 e3+ 47. Ke2 Ke4 48. b4 Kf4 0-1

[Event "USCL Week 4"]
[Site "Internet Chess Club"]
[Date "2015.09.15"]
[Round "?"]
[White "Krasik, Ilya"]
[Black "Li, Dennis"]
[Result "1-0"]
[WhiteElo "2276"]
[BlackElo "2107"]
[PlyCount "59"]
[EventDate "2015.??.??"]

1. d4 Nf6 2. c4 g6 3. Nc3 Bg7 4. e4 d6 5. f3 O-O 6. Be3 Nbd7 7. Nh3 c5 8. d5
Ne5 9. Nf2 a6 10. Be2 h5 11. O-O e6 12. Bg5 Qe8 13. f4 Neg4 14. Nxg4 Nxg4 15.
Bxg4 hxg4 16. e5 dxe5 17. fxe5 Bxe5 18. Qxg4 exd5 19. Qh4 Bd4+ 20. Kh1 f6 21.
Rae1 Qf7 22. Bh6 Re8 23. Rxe8+ Qxe8 24. Nxd5 Qd8 25. Qe4 Kh7 26. Ne7 Bf5 27.
Rxf5 Kxh6 28. Rxf6 Qe8 29. Rxg6+ Kh7 30. Qh4# 1-0

[Event "USCL Week 4"]
[Site "Internet Chess Club"]
[Date "2015.09.15"]
[Round "?"]
[White "Zaremba, Andrei"]
[Black "Pelaez, Jorge"]
[Result "1-0"]
[WhiteElo "2418"]
[BlackElo "2233"]
[PlyCount "81"]
[EventDate "2015.??.??"]

1. d4 d5 2. Nf3 c6 3. c4 e6 4. Nbd2 Nf6 5. g3 Be7 6. Bg2 O-O 7. O-O a5 8. Qc2
b5 9. c5 Nbd7 10. e4 Ba6 11. e5 Ne8 12. Re1 Nc7 13. b4 axb4 14. Rb1 Ra7 15.
Rxb4 Qa8 16. a3 Rb8 17. h4 Bc8 18. Ng5 Nf8 19. Bb2 Ra4 20. Bf1 Na6 21. Rxa4
bxa4 22. Bc3 Nc7 23. Bb4 h5 24. Ngf3 g6 25. Nb1 Rb7 26. Nc3 Ra7 27. Rb1 Ba6 28.
Nxa4 Bxf1 29. Nb6 Qb7 30. Kxf1 Bd8 31. a4 Qa6+ 32. Kg2 Ne8 33. Bd2 Ng7 34. a5
Nf5 35. Rb3 Kg7 36. Qd3 Qxd3 37. Rxd3 Nd7 38. Rb3 Rb7 39. a6 Ra7 40. Nxd7 Rxd7
41. Rb8 1-0

[Event "USCL Week 4"]
[Site "Internet Chess Club"]
[Date "2015.09.15"]
[Round "?"]
[White "Lenderman, Alex"]
[Black "Schroer, Jonathan"]
[Result "1/2-1/2"]
[WhiteElo "2728"]
[BlackElo "2427"]
[PlyCount "83"]
[EventDate "2015.??.??"]

1. d4 Nf6 2. Nc3 d5 3. Bf4 c5 4. e3 g6 5. Nb5 Na6 6. dxc5 Bg7 7. Be5 O-O 8. Qd4
Nb8 9. Qd1 Na6 10. c4 Bg4 11. Nf3 Nxc5 12. h3 Bxf3 13. gxf3 Rc8 14. cxd5 Nxd5
15. Bxg7 Kxg7 16. Qd2 a6 17. Na3 a5 18. Rd1 e6 19. e4 Nb4 20. Qc3+ Qf6 21. Bc4
Ncd3+ 22. Rxd3 Nxd3+ 23. Qxd3 Qxb2 24. O-O Rfd8 25. Qb3 Qf6 26. Qe3 b5 27. Bxb5
Rc3 28. e5 Qxf3 29. Qxf3 Rxf3 30. Nc4 Rxh3 31. a4 Rf3 32. Kg2 Rf5 33. Re1 Rd5
34. Re3 h5 35. Nxa5 Rdxe5 36. Rxe5 Rxe5 37. Nb3 h4 38. Bd3 Rd5 39. Be4 Re5 40.
Bd3 Rd5 41. Be4 Re5 42. Bd3 1/2-1/2

[Event "USCL Week 4"]
[Site "Internet Chess Club"]
[Date "2015.09.15"]
[Round "?"]
[White "Cunningham, Robin"]
[Black "Nakada, Akira"]
[Result "1-0"]
[WhiteElo "2252"]
[BlackElo "2035"]
[PlyCount "117"]
[EventDate "2015.??.??"]

1. e4 e6 2. d4 d5 3. Nd2 c5 4. exd5 Qxd5 5. dxc5 Bxc5 6. Ngf3 Nf6 7. Bc4 Qd8 8.
Qe2 O-O 9. O-O Nc6 10. Ne4 Be7 11. Rd1 Qc7 12. Bg5 Nxe4 13. Qxe4 Bd6 14. Rd3
Re8 15. Rad1 Bf8 16. Bf4 Qb6 17. Ng5 g6 18. Rh3 Qxb2 19. Rxh7 Bg7 20. Bd3 e5
21. Bc4 Bf5 22. Bxf7+ Kf8 23. Qd5 exf4 24. Bxe8 Qf6 25. Rh8+ Bxh8 26. Nh7+ Ke7
27. Nxf6 Kxf6 28. Bxc6 Be6 29. Qd6 bxc6 30. Re1 Re8 31. Qxf4+ Kg7 32. Qc7+ Kh6
33. Qxc6 Bd7 34. Rxe8 Bxc6 35. Rxh8+ Kg7 36. Rc8 Bd5 37. Rc7+ Kf6 38. Rxa7 Ke6
39. Ra6+ Kf7 40. f3 Bc4 41. Rb6 Bxa2 42. Kf2 Be6 43. Rxe6 Kxe6 44. Ke3 Kd5 45.
f4 Ke6 46. Ke4 Kd6 47. g4 Ke6 48. h4 Kf6 49. c4 Ke6 50. c5 Kf6 51. h5 gxh5 52.
gxh5 Kg7 53. c6 Kf7 54. c7 Kf6 55. c8=Q Kg7 56. Kf5 Kf7 57. Qd7+ Kg8 58. Kg6
Kf8 59. Qd8# 1-0

[Event "USCL Week 4"]
[Site "Internet Chess Club"]
[Date "2015.09.15"]
[Round "?"]
[White "Becerra, Julio"]
[Black "Bartell, Tom"]
[Result "0-1"]
[WhiteElo "2616"]
[BlackElo "2483"]
[PlyCount "62"]
[EventDate "2015.??.??"]

1. e4 c6 2. d4 d5 3. e5 Bf5 4. h4 h6 5. g4 Bd7 6. h5 c5 7. dxc5 e6 8. Be3 Qc7
9. f4 Bxc5 10. Bxc5 Qxc5 11. Qd2 Bb5 12. Bxb5+ Qxb5 13. Nc3 Qb6 14. O-O-O Ne7
15. Nf3 Nbc6 16. f5 O-O-O 17. f6 gxf6 18. exf6 Ng8 19. g5 hxg5 20. Nxg5 Nh6 21.
Rh3 Kb8 22. Na4 Qb5 23. Ra3 d4 24. Re1 Rd5 25. Ne4 Nb4 26. Kb1 a5 27. Qh2+ e5
28. Rc1 Rc8 29. Qd2 Nf5 30. h6 Ne3 31. Nec3 Nc4 0-1

[Event "USCL Week 4"]
[Site "Internet Chess Club"]
[Date "2015.09.15"]
[Round "?"]
[White "Hernandez-Camen, Angel"]
[Black "Fonseca, Miguel"]
[Result "1-0"]
[WhiteElo "2220"]
[BlackElo "2067"]
[PlyCount "89"]
[EventDate "2015.??.??"]

1. Nf3 b6 2. c4 Bb7 3. Nc3 e6 4. g3 Bxf3 5. exf3 c5 6. Bg2 Nc6 7. O-O Nh6 8. d3
Nf5 9. f4 Be7 10. a3 O-O 11. Rb1 Rc8 12. Bd2 Nfd4 13. Re1 a6 14. Na2 b5 15. b4
Qb6 16. Be3 Bf6 17. Qd2 Ne7 18. g4 g6 19. Rec1 d5 20. bxc5 Rxc5 21. Nc3 Qd6 22.
cxb5 axb5 23. Bxd4 Bxd4 24. Nxb5 Rxb5 25. Rxb5 Qxa3 26. Rc7 Ra8 27. Rbb7 Qa1+
28. Bf1 Ra2 29. Rc2 Rxc2 30. Qxc2 Qa3 31. Be2 Qd6 32. Qc7 Qxc7 33. Rxc7 Kf8 34.
Bd1 Bb6 35. Rb7 Bc5 36. Rd7 Ng8 37. Kg2 Nf6 38. Rb7 Bd6 39. Kf3 Bc5 40. Ba4 h5
41. h3 hxg4+ 42. hxg4 Bd4 43. Bc6 Kg7 44. g5 Nh5 45. Be8 1-0

[Event "USCL Week 4"]
[Site "Internet Chess Club"]
[Date "2015.09.15"]
[Round "?"]
[White "Chandran, Kapil"]
[Black "Williams, Chris"]
[Result "1-0"]
[WhiteElo "2420"]
[BlackElo "2334"]
[PlyCount "89"]
[EventDate "2015.??.??"]

1. e4 c5 2. Nf3 e6 3. d4 cxd4 4. Nxd4 Nc6 5. Nc3 Qc7 6. g3 a6 7. Bg2 Nf6 8. O-O
h5 9. Re1 Nxd4 10. Qxd4 Bc5 11. Bf4 d6 12. Qd2 Ng4 13. Nd1 e5 14. Be3 Be6 15.
Bxc5 Qxc5 16. Ne3 Nxe3 17. Rxe3 f6 18. Rd1 Ke7 19. h4 Rac8 20. Rc3 Qb6 21. Bf3
Rxc3 22. Qxc3 g5 23. hxg5 h4 24. gxf6+ Kxf6 25. gxh4 Rxh4 26. Rd3 Rf4 27. b3
Ke7 28. Re3 Qc6 29. Bg2 Qb6 30. Kf1 Rf8 31. Rf3 Rxf3 32. Bxf3 Kd7 33. Be2 Qc5
34. Qxc5 dxc5 35. Kg2 a5 36. Bb5+ Ke7 37. Kg3 Kf6 38. f4 Bf7 39. Kg4 b6 40. f5
Bg8 41. Kh5 Bf7+ 42. Kh6 a4 43. Bxa4 c4 44. Bb5 cxb3 45. axb3 1-0

[Event "USCL Week 4"]
[Site "Internet Chess Club"]
[Date "2015.09.15"]
[Round "?"]
[White "Yanovsky, Vlad"]
[Black "Minear, Peter"]
[Result "0-1"]
[WhiteElo "2229"]
[BlackElo "2353"]
[PlyCount "74"]
[EventDate "2015.??.??"]

1. e4 e5 2. Nf3 Nc6 3. d4 exd4 4. Nxd4 Bc5 5. Nb3 Bb4+ 6. Bd2 a5 7. a3 Be7 8.
Be3 Nf6 9. Nc3 O-O 10. f3 Re8 11. Qd2 d6 12. O-O-O a4 13. Nd4 Nxd4 14. Qxd4 Be6
15. Kb1 Nd7 16. Qd2 c6 17. f4 f5 18. Bd3 fxe4 19. Bxe4 Nf6 20. Bf3 d5 21. Rhe1
b5 22. Bd4 Bf7 23. Ne2 Qd7 24. c3 Bg6+ 25. Ka1 Ne4 26. Bxe4 Bxe4 27. Ng3 Bg6
28. Qf2 Bd6 29. Bc5 Rxe1 30. Rxe1 Rf8 31. Bxd6 Qxd6 32. Ne2 h6 33. g4 Bd3 34.
f5 Re8 35. Ng3 Re5 36. Nh5 Kh7 37. Re3 Qc5 0-1

[Event "USCL Week 4"]
[Site "Internet Chess Club"]
[Date "2015.09.15"]
[Round "?"]
[White "Ynojosa, Felix"]
[Black "Nagle, Sean"]
[Result "1/2-1/2"]
[WhiteElo "2471"]
[BlackElo "2542"]
[PlyCount "62"]
[EventDate "2015.??.??"]

1. c4 g6 2. Nc3 c5 3. e3 Bg7 4. d4 Nf6 5. Nf3 O-O 6. d5 d6 7. Be2 Na6 8. O-O
Nc7 9. e4 Bg4 10. Ng5 Bxe2 11. Qxe2 a6 12. f4 b5 13. e5 Nd7 14. e6 fxe6 15.
Nxe6 Nxe6 16. Qxe6+ Kh8 17. Ne4 Nf6 18. Ng5 Qd7 19. f5 Qxe6 20. Nxe6 bxc4 21.
Nxf8 Rxf8 22. fxg6 hxg6 23. Bd2 Rb8 24. Bc3 Nxd5 25. Bxg7+ Kxg7 26. Rf2 Nb4 27.
Raf1 Nd3 28. Rf7+ Kh6 29. R1f3 Rxb2 30. Rh3+ Kg5 31. Rg3+ Kh6 1/2-1/2

[Event "USCL Week 4"]
[Site "Internet Chess Club"]
[Date "2015.09.15"]
[Round "?"]
[White "Riordan, Charles"]
[Black "Checa, Nicolas"]
[Result "0-1"]
[WhiteElo "2342"]
[BlackElo "2436"]
[PlyCount "166"]
[EventDate "2015.??.??"]

1. d4 d5 2. c4 c6 3. Nf3 Nf6 4. Nc3 a6 5. e3 Bf5 6. Qb3 Ra7 7. a4 e6 8. Nh4 Be4
9. f3 dxc4 10. Bxc4 Bd5 11. g3 Be7 12. O-O O-O 13. Nxd5 cxd5 14. Be2 Nc6 15.
Bd2 Na5 16. Bxa5 Qxa5 17. Rfc1 Nd7 18. Ng2 Nb8 19. Qc3 Bb4 20. Qc7 Qxc7 21.
Rxc7 Ba5 22. Rc2 Nc6 23. Ne1 Bb6 24. Ra3 e5 25. dxe5 d4 26. Rb3 d3 27. Rxd3 Nb4
28. Rb3 Nxc2 29. Nxc2 Bc5 30. Rc3 Rc8 31. Bc4 Kf8 32. Kg2 Be7 33. Nd4 Raa8 34.
b3 Rc5 35. f4 Rac8 36. Rd3 Rb8 37. Rd2 Rd8 38. Kf3 g6 39. h4 h5 40. Rh2 Kg7 41.
Ke4 Re8 42. Rf2 Bd8 43. Kf3 Ba5 44. Rc2 Rc7 45. Ra2 Rcc8 46. Ke2 Kf8 47. Kf3
Ke7 48. Ra1 Bb6 49. Rd1 Rcd8 50. Ke4 f6 51. exf6+ Kxf6+ 52. Kf3 Rd7 53. Rd3 Ba7
54. Rd1 Ree7 55. Rd3 Rd8 56. Rd1 Rd6 57. Rd3 Rdd7 58. Rd1 Bc5 59. Rd3 Bb6 60.
Rd1 Rd6 61. Rd3 Re8 62. Rd1 Red8 63. Ke4 Re8+ 64. Kf3 Red8 65. Ke4 R6d7 66. Rd3
Ba5 67. Rd1 Bb4 68. Kf3 Bc3 69. Ke4 Rb8 70. Kf3 b5 71. axb5 axb5 72. Be2 b4 73.
Bc4 Rbd8 74. Ke4 Ra8 75. Rd3 Ra1 76. Kf3 Rf1+ 77. Kg2 Rb1 78. Kf3 Rd8 79. Ke4
Rf1 80. Bd5 Re8+ 81. Ne6 Rf2 82. Bc4 Rxe6+ 83. Bxe6 Kxe6 0-1

[Event "USCL Week 4"]
[Site "Internet Chess Club"]
[Date "2015.09.15"]
[Round "?"]
[White "Shmelov, Denys"]
[Black "Rohde, Michael"]
[Result "1/2-1/2"]
[WhiteElo "2444"]
[BlackElo "2531"]
[PlyCount "125"]
[EventDate "2015.??.??"]

1. d4 e6 2. c4 Bb4+ 3. Bd2 Qe7 4. e4 d5 5. e5 Nc6 6. Nf3 Nh6 7. c5 Bxd2+ 8.
Nbxd2 f6 9. Bb5 Bd7 10. Bxc6 Bxc6 11. a4 Nf7 12. Qe2 a5 13. exf6 Qxf6 14. O-O
O-O 15. b3 Rae8 16. Rae1 Re7 17. g3 Be8 18. Qe3 b5 19. Qc3 bxa4 20. bxa4 Bxa4
21. Qxa5 Bc2 22. Qc3 Bf5 23. Kg2 Qh6 24. h4 Qg6 25. Qe3 Qg4 26. Rh1 h5 27. Nh2
Qg6 28. Nhf3 Qg4 29. Ng5 Nxg5 30. hxg5 Bg6 31. Rh4 Qf5 32. Rf4 Qc2 33. Rxf8+
Kxf8 34. Kg1 Qf5 35. Nf3 Kg8 36. Ne5 Kh7 37. Kg2 Kg8 38. Ra1 Re8 39. Ra7 Rc8
40. Ra6 Re8 41. Ra7 Rc8 42. Rb7 Qc2 43. Nxg6 Qxg6 44. Qe5 Qf7 45. Ra7 Kh7 46.
Ra6 Re8 47. Rc6 Re7 48. Kg1 Kg8 49. g6 Qxg6 50. Rxc7 Rxc7 51. Qxc7 Qb1+ 52. Kh2
Qf5 53. Qb8+ Kf7 54. Qb2 h4 55. c6 hxg3+ 56. fxg3 Qh7+ 57. Kg1 Qd3 58. Qb7+ Kf6
59. c7 Qd1+ 60. Kg2 Qe2+ 61. Kg1 Qe1+ 62. Kg2 Qe2+ 63. Kg1 1/2-1/2

[Event "USCL Week 4"]
[Site "Internet Chess Club"]
[Date "2015.09.15"]
[Round "?"]
[White "Kudrin, Sergey"]
[Black "Zierk, Steven"]
[Result "1/2-1/2"]
[WhiteElo "2586"]
[BlackElo "2562"]
[PlyCount "114"]
[EventDate "2015.??.??"]

1. e4 e6 2. d4 d5 3. Nd2 Be7 4. c3 dxe4 5. Nxe4 Nd7 6. Nf3 Ngf6 7. Nxf6+ Nxf6
8. Bd3 O-O 9. Qe2 b6 10. Bg5 Bb7 11. O-O-O h6 12. h4 Bxf3 13. Qxf3 Qd5 14. Qxd5
Nxd5 15. Bd2 c5 16. dxc5 Bxc5 17. Rhf1 Rfd8 18. Kc2 h5 19. Bg5 Be7 20. Be4 f6
21. Bc1 f5 22. Bf3 g6 23. g3 Rac8 24. a3 Kf7 25. Rfe1 Nf6 26. Rxd8 Rxd8 27. b4
Ng4 28. Re2 Bf6 29. Bb7 Rd7 30. Bc8 Rd6 31. Bd2 Rc6 32. Bd7 Rd6 33. Bb5 Rd5 34.
a4 Re5 35. Kd1 Ke7 36. f3 Rxe2 37. Kxe2 Ne5 38. a5 bxa5 39. bxa5 Kd6 40. Be8
Ke7 41. Bb5 Kd6 42. Bf4 a6 43. Bxa6 Bd8 44. Bb5 Bxa5 45. c4 Bb6 46. Be8 Ke7 47.
Bb5 Nf7 48. Bd2 Bc5 49. Kd3 Bf2 50. Bb4+ Nd6 51. Be8 Kxe8 52. Bxd6 Kd7 53. Be5
Kc6 54. Bb8 Bc5 55. Be5 Bb4 56. Bb8 Be7 57. Be5 Bc5 1/2-1/2

[Event "USCL Week 4"]
[Site "Internet Chess Club"]
[Date "2015.09.15"]
[Round "?"]
[White "Serna, Jeffrey"]
[Black "Bell, Eric"]
[Result "1/2-1/2"]
[WhiteElo "2108"]
[BlackElo "2050"]
[PlyCount "81"]
[EventDate "2015.??.??"]

1. e4 c5 2. c3 d5 3. exd5 Qxd5 4. d4 Nf6 5. Nf3 Bg4 6. Be2 e6 7. O-O cxd4 8.
Nxd4 Bxe2 9. Qxe2 a6 10. Be3 Be7 11. Nd2 O-O 12. Rfd1 Nbd7 13. h3 Rfd8 14. N2f3
Ne5 15. Nxe5 Qxe5 16. Nf3 Qa5 17. Bd4 Nd5 18. Ne5 Bf6 19. Re1 Nf4 20. Qf3 Ng6
21. Nxg6 hxg6 22. Bxf6 gxf6 23. Qxf6 Rd5 24. Red1 Rad8 25. Rxd5 Rxd5 26. Qf3
Qb6 27. Qe2 Qd6 28. Rb1 Rd2 29. Qe3 Kg7 30. c4 Rd3 31. Qe1 Rd2 32. a3 Qd4 33.
a4 Rxb2 34. Rd1 Qf6 35. Rd2 Rxd2 36. Qxd2 Qa1+ 37. Kh2 Qxa4 38. Qd4+ Kf8 39.
Qd6+ Kg7 40. Qd4+ Kg8 41. Qd8+ 1/2-1/2